Medaliści Mistrzostw Świata w Lotach Narciarskich 2016 - Statystyki

Ogólne statystyki
  • Ten quiz został rozwiązany 19 razy
  • Średni wynik to 11 z 15
Statystyki odpowiedzi
Konkurs Miejsce Reprezentancja Zawodnik % Poprawnych
Indywidualny 1. Słowenia Peter Prevc
100%
3. Austria Stefan Kraft
94%
3. Austria Stefan Kraft
94%
1. Norwegia Daniel-André Tande
83%
1. Norwegia Johann André Forfang
83%
2. Niemcy Severin Freund
78%
Drużynowy 1. Norwegia Anders Fannemel
72%
3. Austria Michael Hayböck
72%
2. Niemcy Richard Freitag
72%
2. Niemcy Andreas Wellinger
67%
3. Austria Manuel Fettner
67%
2. Niemcy Stephan Leyhe
56%
2. Norwegia Kenneth Gangnes
50%
1. Norwegia Kenneth Gangnes
50%
3. Austria Manuel Poppinger
22%
Nie znaleziono quizów pasujących do podanych kryteriów
Rozkład punktacji
Procent ludzi z każdym wynikiem
Percentyl według liczby udzielonych odpowiedzi
Twoja historia wyników
Nie rozwiązałeś tego quizu